ARRUPE JESUIT UNIVERSITY

CORONAVIRUS -STOP THE SPREAD - CLEAN,DISINFECT,COVER

Financial sector development in Sub-Saharan African countries / (Record no. 129160)

MARC details
000 -LEADER
fixed length control field 01123cam a2200289 a 4500
001 - CONTROL NUMBER
control field 4035376
003 - CONTROL NUMBER IDENTIFIER
control field ARRUPE
005 - DATE AND TIME OF LATEST TRANSACTION
control field 20190307113206.0
008 - FIXED-LENGTH DATA ELEMENTS--GENERAL INFORMATION
fixed length control field 980814s1998 dcu b 000 0 eng
010 ## - LIBRARY OF CONGRESS CONTROL NUMBER
LC control number 98041340
020 ## - INTERNATIONAL STANDARD BOOK NUMBER
International Standard Book Number 1557757585
040 ## - CATALOGING SOURCE
Original cataloging agency DLC
Transcribing agency DLC
Modifying agency DLC
043 ## - GEOGRAPHIC AREA CODE
Geographic area code fb-----
050 00 - LIBRARY OF CONGRESS CALL NUMBER
Classification number HG187.5.A357
Item number F6671998
082 00 - DEWEY DECIMAL CLASSIFICATION NUMBER
Classification number 332.1/0967
Edition number 21
300 ## - PHYSICAL DESCRIPTION
Dimensions 28 cm.
245 00 - TITLE STATEMENT
Title Financial sector development in Sub-Saharan African countries /
Statement of responsibility, etc Hassanali Mehran ... [et al.].
260 ## - PUBLICATION, DISTRIBUTION, ETC. (IMPRINT)
Place of publication, distribution, etc Washington, D.C. :
Name of publisher, distributor, etc International Monetary Fund,
Date of publication, distribution, etc 1998.
300 ## - PHYSICAL DESCRIPTION
Extent viii, 107 p. ;
490 1# - SERIES STATEMENT
Series statement Occasional paper ;
Volume number/sequential designation no. 169
504 ## - BIBLIOGRAPHY, ETC. NOTE
Bibliography, etc Includes bibliographical references (p. 105).
650 #0 - SUBJECT ADDED ENTRY--TOPICAL TERM
Topical term or geographic name as entry element Financial institutions
Geographic subdivision Africa, Sub-Saharan.
9 (RLIN) 45067
700 1# - ADDED ENTRY--PERSONAL NAME
Personal name Mehran, Hassanali.
9 (RLIN) 45089
830 #0 - SERIES ADDED ENTRY--UNIFORM TITLE
Uniform title Occasional paper (International Monetary Fund) ;
Volume number/sequential designation no. 171.
9 (RLIN) 45090
906 ## - LOCAL DATA ELEMENT F, LDF (RLIN)
a 7
b cbc
c orignew
d 1
e ocip
f 19
g y-gencatlg
942 ## - ADDED ENTRY ELEMENTS (KOHA)
Source of classification or shelving scheme Library of Congress Classification
Koha item type Monograph ( Printed materials)
Holdings
Withdrawn status Lost status Source of classification or shelving scheme Damaged status Not for loan Collection code Home library Current library Shelving location Date acquired Total Checkouts Total Renewals Full call number Barcode Date last seen Date checked out Price effective from Koha item type
    Library of Congress Classification     Main Collection ARRUPE LIBRARY ARRUPE LIBRARY Main Collection 07/03/2019 13 1 HG187.5.A357 F6671998 46600004125 26/04/2024 29/02/2024 07/03/2019 Monograph ( Printed materials)

 

Arrupe Library. PO Box MP320 Mt Pleasant, Harare, Zimbabwe
263 242 745411|librarian@aju.ac.zw